| 000 | 00774nam a22002057a 4500 | ||
|---|---|---|---|
| 999 |
_c13951 _d13951 |
||
| 003 | AR-CdUCM | ||
| 008 | 190417b ||||| |||| 00| 0 spa d | ||
| 040 |
_aMUNICIPALIDAD PROVINCIAL DEL CUSCO _cBIBLIOTECA MUNICIPAL DEL CUSCO |
||
| 082 |
_aC / 379.85 / _bV86 |
||
| 100 |
_aVizcarra, Julio A _916673 |
||
| 245 | _aLa educación en la República / | ||
| 260 |
_aCusco : _bH.G. Rozas, _c1965. |
||
| 300 |
_a122 paginas ; _c22 cm. |
||
| 505 | _aContenido :Constitución de 1826 --Constitución de1828 --Constitución de 1834 --La confederación Peru-Boloviana --Constitución de 1839 --Constitución de 1856 --Balance provisional / | ||
| 650 |
_aEducación _9460 |
||
| 650 |
_aPeru _9429 |
||
| 650 |
_aSiglo XIX _9971 |
||
| 942 |
_2ddc _cFOLLETOS |
||
| 945 |
_arjall _d2019-04-17 |
||